[Event "Senior-DM 65+ 2025"]
[Site "Copenhagen"]
[Date "2025.02.13"]
[Round "6.13"]
[White "Olesen, Poul Erik Norgaard"]
[Black "Lontoft, Sven"]
[Result "1-0"]
[WhiteElo "1961"]
[BlackElo "1809"]
[WhiteFideId "1404253"]
[BlackFideId "1441523"]
[EventDate "2025.02.08"]
[EventType "swiss"]
[EventRounds "7"]
[EventCountry "DEN"]
[SourceTitle "Live v. Obro Skakforening"]

1. f4 d5 2. b3 Nf6 3. Bb2 c5 4. e3 Nc6 5. Nf3 Bf5 6. a4 e6 7. Be2 Be7 8. O-O O-O 9. Nh4 Be4 10. d3 Nd7 11. dxe4 Bxh4 12. exd5 exd5 13. Qxd5 Qe7 14. Qf3 Rfe8 15. Bb5 Qxe3+ 16. Qxe3 Rxe3 17. Bxc6 bxc6 18. Na3 Rae8 19. Rad1 R3e7 20. Rd6 Rc8 21. Rfd1 Rce8 22. g3 Bf6 23. Bxf6 Nxf6 24. Rxc6 Ne4 25. Rd5 g6 26. Nc4 Nc3 27. Re5 Ne2+ 28. Kf2 Nd4 29. Rcxc5 Rxe5 30. fxe5 Re6 31. Nd6 f6 32. Rc8+ Kg7 33. Rc7+ Kg8 34. Ne4 fxe5 35. Rxa7 Nxc2 36. Rc7 Nb4 37. Rxh7 Rb6 38. Rd7 Nc6 39. Rd6 Kf7 40. a5 Ra6 41. Nc5 Ke7 42. Rxg6 Kf7 43. Rh6 1-0

[Event "Senior-DM 65+ 2025"]
[Site "Copenhagen"]
[Date "2025.02.13"]
[Round "6.14"]
[White "Olsen, Bjorn"]
[Black "Jensen, Allan Astrup"]
[Result "1/2-1/2"]
[WhiteElo "1861"]
[BlackElo "1967"]
[WhiteFideId "1462482"]
[BlackFideId "1401181"]
[EventDate "2025.02.08"]
[EventType "swiss"]
[EventRounds "7"]
[EventCountry "DEN"]
[SourceTitle "Live v. Obro Skakforening"]

1. Nf3 d5 2. c4 e6 3. g3 c5 4. cxd5 exd5 5. d4 Nc6 6. Bg2 Nf6 7. O-O Bg4 8. dxc5 Bxc5 9. Bg5 d4 10. Nbd2 O-O 11. Rc1 Be7 12. Nb3 h6 13. Bf4 Nd5 14. Nbxd4 Nxf4 15. gxf4 Nxd4 16. Nxd4 Bf6 17. Rc4 Qd6 18. Qd2 Be6 19. Qb4 Qxb4 20. Rxb4 a5 21. Nxe6 axb4 22. Nxf8 Kxf8 23. Bd5 Bxb2 24. Rd1 1/2-1/2

[Event "Senior-DM 65+ 2025"]
[Site "Copenhagen"]
[Date "2025.02.13"]
[Round "6.15"]
[White "Teimer, Torben"]
[Black "Matras, Ove"]
[Result "0-1"]
[WhiteElo "1961"]
[BlackElo "1859"]
[WhiteFideId "1405179"]
[BlackFideId "1416790"]
[EventDate "2025.02.08"]
[EventType "swiss"]
[EventRounds "7"]
[EventCountry "DEN"]
[SourceTitle "Live v. Obro Skakforening"]

1. c4 e5 2. Nc3 f5 3. g3 Nf6 4. d3 c6 5. Bg2 Bc5 6. e3 O-O 7. Nge2 Kh8 8. d4 exd4 9. exd4 Bb6 10. O-O d5 11. cxd5 cxd5 12. Nf4 Nc6 13. Be3 Ne7 14. Qb3 g5 15. Nd3 Rg8 16. Ne5 Be6 17. f4 gxf4 18. Rxf4 Ng6 19. Rxf5 Ng4 20. Nxd5 N6xe5 21. Rh5 Rg6 22. Be4 Bxd5 23. Bxd5 Nxe3 24. Rxe5 Bxd4 0-1

[Event "Senior-DM 65+ 2025"]
[Site "Copenhagen"]
[Date "2025.02.13"]
[Round "6.16"]
[White "Moller, Arne Vagn"]
[Black "Hansen, Carl Emil Falbe"]
[Result "1-0"]
[WhiteElo "1861"]
[BlackElo "1700"]
[WhiteFideId "1406175"]
[BlackFideId "1485997"]
[EventDate "2025.02.08"]
[EventType "swiss"]
[EventRounds "7"]
[EventCountry "DEN"]
[SourceTitle "Live v. Obro Skakforening"]

1. e4 Nf6 2. e5 Nd5 3. d4 d6 4. exd6 exd6 5. Nf3 Bg4 6. Be2 Be7 7. c4 Nb6 8. O-O Nc6 9. Re1 O-O 10. Na3 Bf6 11. Be3 Bh5 12. Qd2 Bg6 13. Rac1 Re8 14. b4 a5 15. b5 Nb4 16. Nb1 Qe7 17. a3 Nc2 18. Rxc2 Bxc2 19. Qxc2 Nd7 20. Bd3 Nf8 21. Nbd2 Qd8 22. Ne4 Be7 23. Ng3 Ng6 24. Be4 Rb8 25. Bd2 b6 26. Bd5 Rf8 27. Ne4 h6 28. Ng3 Nh4 29. Nxh4 Bxh4 30. Bxh6 gxh6 31. Qg6+ Kh8 32. Qxh6+ Kg8 33. Be4 f5 34. Bd5+ Rf7 35. Qg6+ Kh8 36. Bxf7 1-0

[Event "Senior-DM 65+ 2025"]
[Site "Copenhagen"]
[Date "2025.02.14"]
[Round "7.1"]
[White "Simonsen, Carsten"]
[Black "Andreasen, Per Naesby"]
[Result "1/2-1/2"]
[WhiteElo "2190"]
[BlackElo "2233"]
[WhiteFideId "1439898"]
[BlackFideId "1400886"]
[EventDate "2025.02.08"]
[EventType "swiss"]
[EventRounds "7"]
[EventCountry "DEN"]
[SourceTitle "Live v. Obro Skakforening"]

1. c4 e5 2. g3 Nf6 3. Bg2 c6 4. d4 exd4 5. Qxd4 d5 6. Nf3 Be7 7. cxd5 cxd5 8. O-O O-O 9. Nc3 Nc6 10. Qa4 Be6 11. Rd1 Qb6 12. Qb5 Bc5 13. Qxb6 axb6 14. Ng5 Bg4 15. Nxd5 Nxd5 16. Rxd5 Bxe2 1/2-1/2

[Event "Senior-DM 65+ 2025"]
[Site "Copenhagen"]
[Date "2025.02.14"]
[Round "7.2"]
[White "Thuesen, Mogens Henrik"]
[Black "Petersen, Peter Birk"]
[Result "0-1"]
[WhiteElo "2216"]
[BlackElo "2117"]
[WhiteFideId "1400878"]
[BlackFideId "1401696"]
[EventDate "2025.02.08"]
[EventType "swiss"]
[EventRounds "7"]
[EventCountry "DEN"]
[SourceTitle "Live v. Obro Skakforening"]

1. d4 Nf6 2. c4 e6 3. Nf3 Bb4+ 4. Bd2 Qe7 5. Qc2 Bxd2+ 6. Nbxd2 d6 7. e4 e5 8. d5 a5 9. Be2 O-O 10. h3 Na6 11. Nh2 g6 12. Qc3 Nc5 13. Qe3 Kg7 14. g4 h6 15. O-O-O Bd7 16. h4 Rh8 17. f3 Rab8 18. Kb1 b5 19. cxb5 Bxb5 20. Bxb5 Rxb5 21. Rc1 Nfd7 22. Nhf1 Qf6 23. g5 Qf4 24. gxh6+ Rxh6 25. h5 Qxe3 26. Nxe3 Nd3 27. Rcg1 Rxb2+ 28. Ka1 Kf8 29. Ndc4 Re2 30. hxg6 Rxh1 31. g7+ Kg8 32. Rxh1 Kxg7 33. Nf5+ Kf6 34. Nxa5 Nb6 35. Nb3 Nb4 36. Nc1 Rf2 37. Ne3 Rxf3 38. Rf1 Rxf1 39. Nxf1 Kg5 40. a3 Na6 41. Nd3 Kg4 42. Nd2 f5 43. exf5 Kxf5 44. Kb2 Nxd5 45. Kb3 Ne3 46. Ka4 e4 47. Kb5 Nb8 48. a4 0-1

[Event "Senior-DM 65+ 2025"]
[Site "Copenhagen"]
[Date "2025.02.14"]
[Round "7.3"]
[White "Kjaerbye, Michael Saager"]
[Black "Andersen, Morten"]
[Result "1/2-1/2"]
[WhiteElo "1991"]
[BlackElo "2194"]
[BlackFideId "1504908"]
[EventDate "2025.02.08"]
[EventType "swiss"]
[EventRounds "7"]
[EventCountry "DEN"]
[SourceTitle "Live v. Obro Skakforening"]

1. d4 Nf6 2. c4 g6 3. Nc3 Bg7 4. e4 d6 5. f3 O-O 6. Be3 Na6 7. Qd2 c5 8. Nge2 Qa5 9. O-O-O Rb8 10. Kb1 Nb4 11. a3 Nc6 12. Nd5 Qxd2 13. Rxd2 b6 14. Nxf6+ Bxf6 15. d5 Na5 16. Nc1 Ba6 17. Rc2 b5 18. cxb5 Bxb5 19. Bxb5 Rxb5 20. Nd3 c4 21. Nb4 c3 22. Bxa7 Nc4 23. Rxc3 Bxc3 24. bxc3 Ra8 25. a4 Rb7 26. Bd4 Rxa4 27. Kc2 Ra8 28. Kd3 Rc8 29. Ra1 e5 30. dxe6 fxe6 31. Ra7 Nb2+ 32. Kd2 Rxa7 33. Bxa7 Kf7 34. f4 Na4 35. Bd4 Nc5 36. Ke3 Nb3 37. e5 d5 38. g4 Rc4 39. Nd3 Ra4 40. h3 Ra2 41. Nf2 Rc2 42. Nd3 Na5 43. f5 g5 44. Nc5 Nc4+ 45. Kf3 Nd2+ 46. Ke3 Nf1+ 47. Kf3 Nh2+ 48. Kg3 Nf1+ 49. Kf3 Nh2+ 50. Kg3 Nf1+ 1/2-1/2

[Event "Senior-DM 65+ 2025"]
[Site "Copenhagen"]
[Date "2025.02.14"]
[Round "7.5"]
[White "Hartung Nielsen, Jens"]
[Black "Lauritsen, Niels"]
[Result "1-0"]
[WhiteElo "2169"]
[BlackElo "1957"]
[WhiteFideId "1400690"]
[BlackFideId "1404474"]
[EventDate "2025.02.08"]
[EventType "swiss"]
[EventRounds "7"]
[EventCountry "DEN"]
[SourceTitle "Live v. Obro Skakforening"]

1. c4 Nc6 2. g3 e5 3. Bg2 g6 4. Nc3 Bg7 5. e4 d6 6. Nge2 f5 7. d3 Nf6 8. O-O O-O 9. Nd5 fxe4 10. dxe4 Bg4 11. f3 Be6 12. Be3 Qd7 13. Qd2 Rf7 14. Rfd1 Rd8 15. Rac1 a5 16. b3 h5 17. Bg5 Re8 18. Bxf6 Bxf6 19. Qh6 Bg7 20. Qxg6 h4 21. Qg5 hxg3 22. hxg3 Qd8 23. Qh5 Qd7 24. c5 Bxd5 25. Rxd5 Rf6 26. cxd6 cxd6 27. Rcd1 Ref8 28. f4 exf4 29. gxf4 Qe7 30. Rg5 Rxf4 31. Nxf4 Rxf4 32. e5 Nxe5 33. Bd5+ Kf8 34. Qh8+ Bxh8 35. Rg8# 1-0

[Event "Senior-DM 65+ 2025"]
[Site "Copenhagen"]
[Date "2025.02.14"]
[Round "7.6"]
[White "Moe, Mogens"]
[Black "Pedersen, Karsten Nymann"]
[Result "1-0"]
[WhiteElo "2125"]
[BlackElo "2040"]
[WhiteFideId "1400550"]
[BlackFideId "1410156"]
[EventDate "2025.02.08"]
[EventType "swiss"]
[EventRounds "7"]
[EventCountry "DEN"]
[SourceTitle "Live v. Obro Skakforening"]

1. e4 e5 2. Nf3 Nc6 3. d4 exd4 4. Nxd4 Nf6 5. Nxc6 bxc6 6. e5 Nd5 7. c4 Bb4+ 8. Nd2 Nf4 9. a3 Be7 10. Nf3 Ne6 11. Bd3 Rb8 12. h4 Ba6 13. b4 c5 14. b5 Bb7 15. Ng5 Nxg5 16. hxg5 d5 17. g6 h6 18. gxf7+ Kf8 19. Qe2 dxc4 20. Bxc4 Bd5 21. Bb2 Bxc4 22. Qxc4 c6 23. Rd1 Qa5+ 24. Bc3 Qxb5 25. Qg4 Qb3 26. Rh3 h5 27. Qd7 Rh6 28. Bd2 Qe6 29. Bxh6 Qxh6 30. Rb3 Rd8 31. Qxd8+ Bxd8 32. Rxd8+ Ke7 33. f8=Q+ 1-0

[Event "Senior-DM 65+ 2025"]
[Site "Copenhagen"]
[Date "2025.02.14"]
[Round "7.7"]
[White "Olsen, Claus B"]
[Black "Petersen, Nils"]
[Result "0-1"]
[WhiteElo "2023"]
[BlackElo "1932"]
[WhiteFideId "1403575"]
[BlackFideId "1403346"]
[EventDate "2025.02.08"]
[EventType "swiss"]
[EventRounds "7"]
[EventCountry "DEN"]
[SourceTitle "Live v. Obro Skakforening"]

1. d4 Nf6 2. Nf3 e6 3. Bf4 c5 4. e3 Qb6 5. Qc1 Nc6 6. c3 d6 7. Na3 cxd4 8. exd4 Be7 9. Nc4 Qc7 10. Bd3 Nh5 11. Bg3 Bd7 12. Qc2 g6 13. O-O Nxg3 14. fxg3 O-O 15. Rae1 Rac8 16. Qd2 Kg7 17. g4 f6 18. g5 d5 19. gxf6+ Bxf6 20. Nce5 Bxe5 21. Nxe5 Nxe5 22. Rxe5 Rxf1+ 23. Bxf1 Rf8 24. Bd3 Qd8 25. Qg5 Qf6 26. Qxf6+ Rxf6 27. Be2 h6 28. Bf3 g5 29. h3 b6 30. Kf2 Be8 31. Ke3 Bg6 32. Kd2 Bf5 33. Ke3 Kg6 34. g4 Bb1 35. a3 Ba2 36. Be2 Kf7 37. Bd3 Bb3 38. Ke2 Ke7 39. Re3 Kd6 40. Re5 Kc6 41. Re3 b5 42. Re5 Kb6 43. Re3 Ka5 44. Kd2 Ka4 45. Re2 Ka5 46. Re3 Kb6 47. Re5 Bc4 48. Be2 a6 49. Kc2 Kc6 50. b3 Bxe2 51. Rxe2 Kd6 52. a4 Rf3 53. axb5 axb5 54. Rh2 Rg3 55. h4 Rxg4 56. hxg5 hxg5 57. Rh6 b4 58. cxb4 Rxd4 59. Kc3 Re4 60. Rg6 g4 61. Rg8 Re3+ 62. Kc2 g3 63. Rg5 Kc6 64. Rg7 d4 65. Rg5 e5 66. Rg7 Rc3+ 67. Kb2 Rf3 68. Rh7 0-1

[Event "Senior-DM 65+ 2025"]
[Site "Copenhagen"]
[Date "2025.02.14"]
[Round "7.8"]
[White "Bauner, Jan"]
[Black "Nielsen, Jorgen Lovgren"]
[Result "1-0"]
[WhiteElo "1880"]
[BlackElo "2030"]
[WhiteFideId "1415832"]
[BlackFideId "1403850"]
[EventDate "2025.02.08"]
[EventType "swiss"]
[EventRounds "7"]
[EventCountry "DEN"]
[SourceTitle "Live v. Obro Skakforening"]

1. d4 f5 2. Nf3 Nf6 3. g3 g6 4. Bg2 Bg7 5. Nbd2 O-O 6. O-O d6 7. b3 c6 8. Bb2 Qc7 9. e3 Kh8 10. c4 Be6 11. h4 Nbd7 12. Ng5 Bg8 13. Ndf3 e5 14. Rc1 h6 15. Nh3 Rad8 16. Rc2 Nh5 17. Rd2 Kh7 18. Nh2 Bf6 19. dxe5 dxe5 20. g4 Ng7 21. g5 Be7 22. gxh6 Kxh6 23. Ng5 Bb4 24. Rd3 Nc5 25. Rxd8 Rxd8 26. Qf3 Rd2 27. Bc1 Rxa2 28. e4 Qe7 29. exf5 Nxf5 30. Ne4+ Kg7 31. Bg5 Qc7 32. Nf6 Bf7 33. h5 Bd2 34. h6+ Nxh6 35. Nh5+ Kf8 36. Bxd2 Rxd2 37. Qe3 Qd6 38. Qxh6+ Ke8 39. Ng3 Rd3 40. Qh8+ Ke7 41. b4 Ne6 42. Ne4 Qxb4 43. Qf6+ Kf8 44. Ng4 Qe7 45. Qh8+ Bg8 46. Nxe5 Qd8 47. Nxg6+ Kf7 48. Ne5+ Kf8 49. Nxd3 Qxd3 50. Nf6 1-0

[Event "Senior-DM 65+ 2025"]
[Site "Copenhagen"]
[Date "2025.02.14"]
[Round "7.9"]
[White "Matras, Ove"]
[Black "Nielsen, Christian Volmer"]
[Result "1/2-1/2"]
[WhiteElo "1859"]
[BlackElo "1966"]
[WhiteFideId "1416790"]
[BlackFideId "1419102"]
[EventDate "2025.02.08"]
[EventType "swiss"]
[EventRounds "7"]
[EventCountry "DEN"]
[SourceTitle "Live v. Obro Skakforening"]

1. b3 Nf6 2. Bb2 d5 3. e3 c5 4. Nf3 Nc6 5. Be2 Bg4 6. O-O e6 7. d4 Rc8 8. Nbd2 Be7 9. Re1 cxd4 10. Nxd4 Bxe2 11. Nxe2 O-O 12. Nf3 Bb4 13. c3 Ba5 14. Qd3 a6 15. Red1 Ne4 16. Ng3 Nxg3 17. hxg3 b5 18. Nd4 Ne5 19. Qd2 h5 20. Nf3 Ng4 21. Qd4 Qf6 22. Qxf6 Nxf6 23. Rd3 Ne4 24. Rc1 Rc7 25. Nd2 f5 26. Nxe4 fxe4 27. Rd2 Rfc8 28. Rdc2 Kf7 29. Kf1 Ke7 30. Ke2 e5 31. c4 Kd6 32. c5+ Ke6 33. f4 exf3+ 34. gxf3 Bb4 35. c6 Be7 36. f4 Bf6 37. Ba3 g6 38. Bb4 exf4 39. exf4 d4 40. Ba5 Re7 41. Kd3 Kd5 42. Bd2 Re6 43. Rc5+ Kd6 44. c7 Kd7 45. f5 gxf5 46. Rxf5 Rxc7 47. Rxc7+ Kxc7 48. Rxh5 Kc6 49. g4 Bg7 50. g5 Rg6 51. Rh1 Re6 52. Rc1+ Kd5 53. b4 Rg6 54. Rc5+ Kd6 55. Bf4+ Kd7 56. Ke4 Rc6 57. Rd5+ Ke6 58. Be5 Bxe5 59. Rxe5+ Kf7 60. Rc5 Rd6 61. Rc2 Kg6 62. Rd2 Kxg5 63. Rxd4 Rc6 64. Rd5+ Kf6 65. Rc5 Rd6 66. Rh5 Ke6 67. Rc5 Kd7 68. Rd5 Kc6 69. Rxd6+ Kxd6 70. Kd4 Kc6 71. Ke5 a5 72. a3 axb4 73. axb4 Kc7 74. Kd5 Kb6 75. Kd6 Ka6 76. Kc6 Ka7 77. Kxb5 Kb7 1/2-1/2

[Event "Senior-DM 65+ 2025"]
[Site "Copenhagen"]
[Date "2025.02.14"]
[Round "7.10"]
[White "Munk, Kai S"]
[Black "Olesen, Poul Erik Norgaard"]
[Result "1-0"]
[WhiteElo "1940"]
[BlackElo "1961"]
[WhiteFideId "1406949"]
[BlackFideId "1404253"]
[EventDate "2025.02.08"]
[EventType "swiss"]
[EventRounds "7"]
[EventCountry "DEN"]
[SourceTitle "Live v. Obro Skakforening"]

1. b3 e5 2. Bb2 Nc6 3. g3 Nf6 4. Bg2 d6 5. d3 g6 6. e4 Bg7 7. Ne2 O-O 8. Nd2 Be6 9. d4 exd4 10. Nxd4 Nxd4 11. Bxd4 c5 12. Bb2 d5 13. O-O d4 14. Rb1 Qd7 15. Re1 Rfe8 16. Bf1 b5 17. Qf3 a6 18. c3 Bg4 19. Qd3 dxc3 20. Qxc3 Rad8 21. e5 b4 22. Qc1 Bh6 23. exf6 Rxe1 24. Qxe1 Bxd2 25. Qe5 Qc6 26. Bg2 Qb6 27. h3 Be6 28. Rd1 h5 29. Be4 Bc3 30. Rxd8+ Qxd8 31. Bxc3 bxc3 32. Qxc3 Bxh3 33. Qe5 Kh7 34. Qxh5+ 1-0

[Event "Senior-DM 65+ 2025"]
[Site "Copenhagen"]
[Date "2025.02.14"]
[Round "7.11"]
[White "Larsen, Preben R"]
[Black "Skovgaard, Tom"]
[Result "1/2-1/2"]
[WhiteElo "1881"]
[BlackElo "1951"]
[WhiteFideId "1425790"]
[BlackFideId "1406337"]
[EventDate "2025.02.08"]
[EventType "swiss"]
[EventRounds "7"]
[EventCountry "DEN"]
[SourceTitle "Live v. Obro Skakforening"]

1. c4 e5 2. Nc3 Bb4 3. Nf3 Bxc3 4. dxc3 d6 5. e3 f5 6. Be2 Nf6 7. Qc2 Nc6 8. c5 e4 9. Nd4 Ne5 10. cxd6 Qxd6 11. Bd2 a6 12. c4 c5 13. Nb3 Nd3+ 14. Bxd3 exd3 15. Qc3 Be6 16. f3 b6 17. a4 a5 18. Ra3 Nd7 19. Nc1 Ne5 20. b3 O-O-O 21. Ra2 g5 22. O-O g4 23. f4 Nc6 24. Rd1 Nb4 25. Rb2 Rhe8 26. Be1 Bg8 27. Bf2 Rd7 28. Rbd2 Red8 29. Kf1 Qh6 30. Kg1 Qd6 1/2-1/2

[Event "Senior-DM 65+ 2025"]
[Site "Copenhagen"]
[Date "2025.02.14"]
[Round "7.12"]
[White "Jensen, Allan Astrup"]
[Black "Larsen, Arne Walther"]
[Result "1-0"]
[WhiteElo "1967"]
[BlackElo "1797"]
[WhiteFideId "1401181"]
[BlackFideId "1411357"]
[EventDate "2025.02.08"]
[EventType "swiss"]
[EventRounds "7"]
[EventCountry "DEN"]
[SourceTitle "Live v. Obro Skakforening"]

1. Nf3 Nf6 2. c4 g6 3. Nc3 d6 4. d4 Bg7 5. e4 O-O 6. Be2 Nc6 7. d5 Ne5 8. Nxe5 dxe5 9. O-O e6 10. Bg5 h6 11. Be3 exd5 12. cxd5 Ne8 13. Qb3 Nd6 14. Rac1 f5 15. Nb5 Rf7 16. f3 a6 17. Nxc7 f4 18. Bb6 Qg5 19. Nxa8 Bh3 20. Rf2 Nxe4 21. fxe4 f3 22. Be3 Qg4 23. g3 fxe2 24. Rxf7 Qxe4 25. Rf2 h5 26. Rxe2 1-0

[Event "Senior-DM 65+ 2025"]
[Site "Copenhagen"]
[Date "2025.02.14"]
[Round "7.13"]
[White "Peschardt, Soren"]
[Black "Olsen, Bjorn"]
[Result "1/2-1/2"]
[WhiteElo "1890"]
[BlackElo "1861"]
[WhiteFideId "1402927"]
[BlackFideId "1462482"]
[EventDate "2025.02.08"]
[EventType "swiss"]
[EventRounds "7"]
[EventCountry "DEN"]
[SourceTitle "Live v. Obro Skakforening"]

1. d4 Nf6 2. Nf3 e6 3. Bf4 d5 4. e3 Bd6 5. Bg3 O-O 6. Bd3 c5 7. c3 Nc6 8. Nbd2 h6 9. O-O Bxg3 10. hxg3 c4 11. Bc2 Re8 12. Qe2 b5 13. e4 e5 14. dxe5 Nxe5 15. Nxe5 Rxe5 16. f4 Re8 17. e5 Qb6+ 18. Qf2 Qxf2+ 19. Rxf2 Ng4 20. Re2 h5 21. Nf3 Nh6 22. Nd4 Bg4 23. Re3 a6 24. Rae1 g6 25. e6 Kg7 26. a4 fxe6 27. axb5 axb5 28. Nxe6+ Bxe6 29. Rxe6 Rxe6 30. Rxe6 Ra1+ 31. Kf2 Ng4+ 32. Ke2 Nf6 33. Re7+ Kh6 34. Re6 Kg7 35. Re7+ 1/2-1/2

[Event "Senior-DM 65+ 2025"]
[Site "Copenhagen"]
[Date "2025.02.14"]
[Round "7.14"]
[White "Fjordside, Arne Dan"]
[Black "Gronhoj, Benny"]
[Result "0-1"]
[WhiteElo "1830"]
[BlackElo "2023"]
[WhiteFideId "1418580"]
[BlackFideId "1404245"]
[EventDate "2025.02.08"]
[EventType "swiss"]
[EventRounds "7"]
[EventCountry "DEN"]
[SourceTitle "Live v. Obro Skakforening"]

1. d4 Nf6 2. Nc3 d5 3. Bf4 e6 4. e3 Bd6 5. Bg3 c5 6. Nf3 Bxg3 7. hxg3 c4 8. Ne2 Nc6 9. c3 Ne4 10. Ne5 Nxe5 11. dxe5 Qg5 12. f4 Qg6 13. Rh3 O-O 14. Qc2 f6 15. O-O-O Nf2 16. Qxg6 hxg6 17. exf6 gxf6 18. Rd2 Nxh3 19. gxh3 Bd7 20. Bg2 f5 21. Nd4 Kf7 22. Nf3 Bc6 23. h4 a5 24. a3 Rfb8 25. Kb1 Be8 26. Kc1 b5 27. Ne5+ Ke7 28. Bf3 b4 29. h5 gxh5 30. Rh2 bxa3 31. bxa3 Rb3 32. Rc2 Rab8 33. Bxh5 Rb1+ 34. Kd2 Bxh5 0-1

[Event "Senior-DM 65+ 2025"]
[Site "Copenhagen"]
[Date "2025.02.14"]
[Round "7.15"]
[White "Gade, Jens"]
[Black "Moller, Arne Vagn"]
[Result "1/2-1/2"]
[WhiteElo "1641"]
[BlackElo "1861"]
[WhiteFideId "1416111"]
[BlackFideId "1406175"]
[EventDate "2025.02.08"]
[EventType "swiss"]
[EventRounds "7"]
[EventCountry "DEN"]
[SourceTitle "Live v. Obro Skakforening"]

1. d4 Nf6 2. c4 e6 3. Nf3 b6 4. e3 Bb7 5. Be2 Be7 6. Nc3 O-O 7. O-O d6 8. b3 Nbd7 9. Bb2 Ne4 10. Nxe4 Bxe4 11. Nd2 Bg6 12. Bf3 Rb8 13. Be4 Bxe4 14. Nxe4 f5 15. Nd2 Nf6 16. f3 Qe8 17. Qe1 Qg6 18. Qg3 Qxg3 19. hxg3 Nh5 20. Kh2 Rf7 21. g4 fxg4 22. fxg4 Nf6 23. Kh3 Rbf8 24. Rf3 h6 25. Raf1 d5 26. Bc3 a5 27. a4 Nh7 28. Rxf7 Ng5+ 29. Kh2 Rxf7 30. Rxf7 Kxf7 31. Kg1 Bb4 32. Bxb4 axb4 33. Kf2 Ke7 34. Kg3 Kf6 1/2-1/2

[Event "Senior-DM 65+ 2025"]
[Site "Copenhagen"]
[Date "2025.02.14"]
[Round "7.16"]
[White "Andersen, Bjarne Hjorth"]
[Black "Henriksen, Bjarne Meldgaard"]
[Result "0-1"]
[WhiteElo "1894"]
[BlackElo "1821"]
[WhiteFideId "1404946"]
[BlackFideId "1414399"]
[EventDate "2025.02.08"]
[EventType "swiss"]
[EventRounds "7"]
[EventCountry "DEN"]
[SourceTitle "Live v. Obro Skakforening"]

1. e4 c5 2. Nf3 d6 3. d4 cxd4 4. Nxd4 Nf6 5. Nc3 a6 6. Bg5 e5 7. Nb3 Be7 8. Bd3 O-O 9. Qe2 Be6 10. O-O Nc6 11. Rfd1 Nb4 12. Rd2 Nxd3 13. Qxd3 Qc7 14. Bxf6 Bc4 15. Qe3 Bxf6 16. Nd5 Bxd5 17. exd5 h6 18. c3 Be7 19. Qe1 Qd8 0-1